000 00465nam a2200181Ia 4500
001 4643
005 20260306145811.0
008 260306t2012||||xx |||||||||||||| ||spa||
041 _aESP
082 _a328.6
_bP78
100 _aPortocarrero, Gonzalo
_eAUT
245 0 _aProfetas del odio:
_braíces culturales y líderes de Sendero Luminoso
260 _c2012
300 _a260 páginas :
_c24 cm.
650 _aGEN
654 _aCDE
942 _cLIB
_dJUS
_fJUS
_2ddc
_n
999 _c4643
_d4643